000 00400nam a2200145 i 4500
001 83762
003 ES-MaACL
007 t|
008 041117m19671971mx ||||1| spa d
100 1 _aIñarritu, A. L.
_965356
245 1 0 _aMi tiempo y su catecismo abierto /
_cA.L. Iñarritu.
260 _a[México, D.F. :
_bs.n.,
_c1967-1971]
300 _a2 v. ;
_c17 cm.
852 _aES-MaACL
_jE-7436
_bR.91944
999 _c83762
_d83762